[Event "Challenge"]
[Site "http://www.queenalice.com/game.php?id=1383302"]
[Date "2015.9.15"]
[Round "-"]
[White "Lindon"]
[Black "Huevo"]
[Result "0-1"]
[WhiteElo "1500"]
[BlackElo "1637"]

1. e4 Nf6 2. Nc3 e5 3. g3 Bc5 4. d3 d6 5. Qe2 Ng4 6. h3 Nxf2 7. Rh2 Nxd3+ 8.
cxd3 Bxg1 9. Rh1 Bc5 10. Nd5 O-O 11. a3 f5 12. b4 Bd4 13. Rb1 fxe4 14. Qxe4 Bf2+
15. Kd1 Bxg3 16. Rg1 Qh4 17. Qxh4 Bxh4 18. Nxc7 Bd7 19. b5 a6 20. Nxa8 Bxb5 21.
Bh6 Rxf1+ 22. Rxf1 gxh6 23. Rc1 Nc6 24. Nc7 Ba4+ 25. Kd2 Bg5+ 26. Kc3 Bxc1 27.
Rxc1 Kf7 28. Nd5 Nd4 29. Rf1+ Ke6 30. Nc7+ Ke7 31. h4 b5 32. Nd5+ Ke6 33. Ne3 h5
34. Rf5 Nxf5 35. Nxf5 Kxf5 0-1

[Event "A FAZENDA 8 V"]
[Site "http://www.queenalice.com/game.php?id=1385449"]
[Date "2015.9.26"]
[Round "-"]
[White "rogeriooliveira"]
[Black "Lindon"]
[Result "1-0"]
[WhiteElo "1422"]
[BlackElo "1264"]

1. e4 e5 2. Nf3 Nc6 3. Nc3 b6 4. Bb5 Bb7 5. Bxc6 Bxc6 6. O-O Nf6 7. Re1 Ng4 8.
d3 Bb4 9. Bd2 Qf6 10. Re2 O-O 11. a3 Be7 12. Qe1 Qh6 13. Kf1 a5 14. h3 Nf6 15.
Rd1 Qg6 16. g4 Qh6 17. Kg2 Qg6 18. Bg5 h6 19. Bxf6 Qxf6 20. Rdd2 b5 21. Nb1 d5
22. Nh2 Rad8 23. Re3 d4 24. Ree2 b4 25. axb4 axb4 26. b3 1-0

[Event "AMARAL XII"]
[Site "http://www.queenalice.com/game.php?id=1388711"]
[Date "2015.10.11"]
[Round "-"]
[White "rogeriooliveira"]
[Black "Lindon"]
[Result "1-0"]
[WhiteElo "1355"]
[BlackElo "1244"]

1. e4 e5 2. Nf3 Nc6 3. Nc3 Nf6 4. Bb5 a6 5. Bxc6 dxc6 6. O-O Bg4 7. Re1 c5 8.
Ne2 Nxe4 9. Nc3 Nxc3 10. dxc3 Bd6 11. Re3 f5 12. Re1 O-O 13. Bg5 Be7 14. Bxe7
Qxe7 15. Re2 Rad8 16. Qe1 Qe6 17. h3 Bxf3 18. gxf3 Qg6+ 19. Kh1 Rf6 20. Rd1 Re8
21. Rdd2 Qg5 22. Qg1 Rg6 23. Qxg5 Rxg5 24. Re1 h5 25. h4 Rg6 26. Rg1 Ree6 27.
Rxg6 Rxg6 28. Kh2 e4 29. fxe4 fxe4 30. Re2 Rg4 31. Kh3 Rf4 32. Kg3 Rf3+ 33. Kg2
Kf7 34. Rxe4 Kf6 35. Re8 Rxf2+ 36. Kxf2 g5 37. Kg3 g4 38. Rf8+ Ke5 39. Rh8 1-0

[Event "Challenge"]
[Site "http://www.queenalice.com/game.php?id=1391983"]
[Date "2015.11.2"]
[Round "-"]
[White "pj"]
[Black "Lindon"]
[Result "1-0"]
[WhiteElo "1436"]
[BlackElo "1338"]

1. e4 e5 2. c4 Nf6 3. f3 Bb4 4. a3 d6 5. axb4 a6 6. b5 O-O 7. Qe2 Nh5 8. d3 Be6
9. g4 Nf4 10. Bxf4 exf4 11. Nh3 c6 12. Nxf4 Bd7 13. h4 cxb5 14. cxb5 Bxb5 15.
Na3 Qa5+ 16. Kf2 Nc6 17. Qd1 Ba4 18. b3 Bb5 19. Nxb5 Qxb5 20. d4 Qb6 21. Nd5
Nxd4 22. Nxb6 Rad8 23. Qxd4 1-0

[Event "Challenge"]
[Site "http://www.queenalice.com/game.php?id=1391984"]
[Date "2015.11.2"]
[Round "-"]
[White "Lindon"]
[Black "pj"]
[Result "0-1"]
[WhiteElo "1402"]
[BlackElo "1421"]

1. e4 e5 2. Nf3 f6 3. Nc3 c6 4. Bc4 Nh6 5. O-O b5 6. Bb3 a5 7. d4 a4 8. dxe5
axb3 9. exf6 bxc2 10. Qxc2 Qxf6 11. Bg5 Qg6 12. Rae1 Nf7 13. e5 Qxc2 14. Nd1
Rxa2 15. Nd4 Qd3 16. Ne2 Nxg5 17. Nec3 Ra1 18. Re3 Qf5 19. Ree1 Qg6 20. g3 Nh3+
21. Kg2 d5 22. g4 Qxg4+ 0-1

[Event "TEMPO ESGOTADO IX"]
[Site "http://www.queenalice.com/game.php?id=1394064"]
[Date "2015.11.14"]
[Round "-"]
[White "rogeriooliveira"]
[Black "Lindon"]
[Result "1-0"]
[WhiteElo "1398"]
[BlackElo "1311"]

1. e3 e5 2. Nc3 c5 3. Nf3 Nc6 4. Bb5 Nf6 5. Bxc6 dxc6 6. O-O Be7 7. Qe2 e4 8.
Nh4 Ng4 9. f3 Nxh2 10. Kxh2 Bd6+ 11. g3 1-0

[Event "TEMPO ESGOTADO XI"]
[Site "http://www.queenalice.com/game.php?id=1394066"]
[Date "2015.11.14"]
[Round "-"]
[White "rogeriooliveira"]
[Black "Lindon"]
[Result "1-0"]
[WhiteElo "1411"]
[BlackElo "1285"]

1. e4 e5 2. Nf3 d6 3. Nc3 Nf6 4. Bb5+ c6 5. Be2 Bg4 6. O-O d5 7. exd5 cxd5 8. d4
Nc6 9. Bb5 Ne4 10. Bxc6+ bxc6 11. Bg5 1-0

[Event "CHATO II"]
[Site "http://www.queenalice.com/game.php?id=1397409"]
[Date "2015.12.5"]
[Round "-"]
[White "rogeriocastro"]
[Black "Lindon"]
[Result "0-1"]
[WhiteElo "1264"]
[BlackElo "1216"]

1. e4 e5 2. Nf3 Nc6 3. Nc3 Nf6 4. Bb5 a6 5. Bxc6 dxc6 6. O-O Bg4 7. h3 Qd7 8.
hxg4 Nxg4 9. Qe2 Bc5 10. d3 Bxf2+ 11. Kh1 Qd6 12. Bd2 O-O 13. Be1 Be3 14. Bd2
Qh6+ 15. Nh2 Qxh2# 0-1

[Event "CHATO III"]
[Site "http://www.queenalice.com/game.php?id=1397410"]
[Date "2015.12.5"]
[Round "-"]
[White "rogeriocastro"]
[Black "Lindon"]
[Result "1-0"]
[WhiteElo "1274"]
[BlackElo "1227"]

1. e4 e5 2. Nf3 d6 3. Nc3 Bg4 4. Be2 Nc6 5. O-O Nf6 6. h3 Bh5 7. g4 Bxg4 8. hxg4
Be7 9. d3 Nxg4 10. Kg2 Bh4 11. Be3 Qf6 12. Rg1 Nd4 13. Bxd4 c5 14. Bxe5 dxe5 15.
Qd2 O-O 16. Kh3 h5 17. Rh1 Nxf2+ 18. Kh2 Nxh1 19. Kxh1 Rad8 20. Rg1 Bf2 21. Rf1
1-0

[Event "BROKEN WINGS XIV"]
[Site "http://www.queenalice.com/game.php?id=1402360"]
[Date "2016.1.5"]
[Round "-"]
[White "perucona"]
[Black "Lindon"]
[Result "1-0"]
[WhiteElo "1338"]
[BlackElo "1231"]

1. e4 Nf6 2. e5 Nd5 3. Nc3 c6 4. Nxd5 cxd5 5. Nf3 d6 6. d3 Qa5+ 7. Bd2 Qb5 8. b3
g6 9. Be2 Bg7 10. O-O dxe5 11. Nh4 O-O 12. c4 Qc5 13. Be3 d4 14. Bg5 f6 15. Bd2
g5 16. Nf3 g4 17. b4 Qd6 18. c5 Qd8 19. Qc1 gxf3 20. Bxf3 1-0

[Event "EM ANDAMENTO II"]
[Site "http://www.queenalice.com/game.php?id=1405985"]
[Date "2016.1.24"]
[Round "-"]
[White "perucona"]
[Black "Lindon"]
[Result "1-0"]
[WhiteElo "1334"]
[BlackElo "1179"]

1. e4 e5 2. Nf3 Nc6 3. Nc3 Nf6 4. Bb5 a6 5. Bxc6 dxc6 6. O-O Bc5 7. d3 O-O 8.
Qd2 Bg4 9. h3 Bh5 10. g4 Qd7 11. gxh5 Nxh5 12. Kh1 Ng3+ 13. Kg1 Nxf1 14. Kxf1
Rad8 15. b3 Qxh3+ 16. Ke2 Rd6 17. Bb2 f5 18. exf5 Rxf5 19. Ne1 Qh2 20. Nf3 Qf4
21. Qxf4 exf4 22. Ne4 1-0

[Event "GAME II"]
[Site "http://www.queenalice.com/game.php?id=1406228"]
[Date "2016.1.26"]
[Round "-"]
[White "rogeriocastro"]
[Black "Lindon"]
[Result "1-0"]
[WhiteElo "1214"]
[BlackElo "1196"]

1. e4 Nc6 2. d4 e5 3. dxe5 Nxe5 4. Nf3 Bb4+ 5. c3 Ba5 6. Bd2 d6 7. Nxe5 dxe5 8.
Bb5+ c6 9. Bd3 Nf6 10. O-O Bg4 11. b4 Bxd1 12. bxa5 Bh5 13. Na3 Qxd3 14. Bg5 Rd8
15. Bxf6 gxf6 16. Rac1 Be2 17. Rfe1 Rg8 18. g3 Qf3 19. Rc2 Bd1 20. Rc1 Rd2 21.
Rf1 Rg6 22. h3 1-0

[Event "LIDER DOS LIDERES"]
[Site "http://www.queenalice.com/game.php?id=1406237"]
[Date "2016.1.26"]
[Round "-"]
[White "rogeriocastro"]
[Black "Lindon"]
[Result "0-1"]
[WhiteElo "1253"]
[BlackElo "1207"]

1. e4 e5 2. Nf3 Nc6 3. Nc3 Nf6 4. Bb5 Bb4 5. Bxc6 dxc6 6. O-O O-O 7. Re1 c5 8.
Re3 c4 9. b3 Ng4 10. Re2 Bxc3 11. dxc3 Qxd1+ 12. Ne1 Be6 13. h3 Qxe2 14. hxg4
Qxe1+ 15. Kh2 Rad8 16. g3 Rd1 17. Rb1 Qh1# 0-1